| 000 | 00467nam a2200145 i 4500 | ||
|---|---|---|---|
| 001 | 96990 | ||
| 003 | ES-MaACL | ||
| 005 | 20230906182021.0 | ||
| 007 | t| | ||
| 008 | 050705s1922 sp ||||1| spa d | ||
| 100 | 1 |
_aManrique, Gervasio. _976096 |
|
| 245 | 1 | 3 |
_aLa educación popular en Francia, Bélgica y Suiza _b: diario de un viaje a través de Europa / _cGervasio Manrique. |
| 260 |
_aSoria : _b[s.n.], _c1922 ( _fImprenta Provincial) |
||
| 852 |
_aES-MaACL _j1629-F-7 |
||
| 999 |
_c96990 _d96990 |
||